00528nam a22001457a 4500041000800000082001600008100001800024245016200042260002600204300000700230650001400237942000900251952010500260999001700365 aENG a290.82bDAN aDaniel Ratnam aPioneering work of Natives in the Development of the Indian Pentecostal Church of God in Hyderabad Region of Telangana from 1980 to 2020: A Historical Study aHyderabadbARRCc2024 a89 aEcumenism cTHES 00104070aHMIbHMIcREFd2024-08-01eStudentl0o290.82 DANp11-4855r2024-08-01w2024-08-01yTHES c23499d23499